00380nam a2200145Ia 4500008004100000020001500041041001200056082001600068100001400084245007000098260002500168300000800193650001900201700001400220221030s9999 xx 000 0 und d a8120322363 aEnglish a105.23bmIL aI. Miller 0aJohn E. Freund`s Mathematical Statisticscby I. Miller, M. Miller bPHIaNew Delhic2003 a624 aBE Mathematics aM. Miller